000
00308nam a2200133Ia 4500
100
_a
Mahahar Lotia
490
_v
01-Apr
942
_c
BK
654
_a
colour t.v
245
_a
Modern Colour T.V circuits with Remote control
260
_b
BPB
_a
New Delhi
_c
2001
082
_a
621.388
_b
MAH
546
_a
ENGLISH
999
_c
29353
_d
29353